| 000 | 00659nam a2200205 a 4500 | ||
|---|---|---|---|
| 001 | 000007209 | ||
| 005 | 20200929154110.0 | ||
| 008 | 090907s1986 dr 001 0 spa d | ||
| 040 |
_aDO-SdBNP _bspa _cBNPHU |
||
| 082 |
_a390.097293 _bJ614s |
||
| 100 | 1 |
_aJiménez, Emilio R. _920005 |
|
| 245 | 1 | 0 |
_aSavia dominicana / _cR. Emilio Jiménez. |
| 250 | _a2a ed. | ||
| 260 |
_aSanto Domingo : _bONAP, _c1986. |
||
| 300 |
_a206 p. ; _c21 cm. |
||
| 490 | 1 | _aFeria Nacional del Libro ; | |
| 651 | 4 |
_aRepública Dominicana _xVida Social Y Costumbres _9405 |
|
| 650 | 4 |
_aLiteratura folclorica _zRepública Dominicana _920006 |
|
| 830 | 0 |
_aFeria Nacional del Libro ; _920007 |
|
| 999 |
_c6990 _d6990 |
||